000 00721cam a2200253 i 4500
008
020 _a9781292017389 (pbk.)
049 _aMAIN
090 _aHF1416
_bKEE
100 1 _aKeegan, Warren J.
245 1 0 _aGlobal marketing /
_cWarren J. Keegan and Mark C. Green.
250 _a8th ed.
260 _aBoston :
_bPearson Education,
_c2015.
300 _a608 p. :
_bcol ill. ;
_c28 cm.
500 _aIncludes index.
504 _aIncludes bibliographical references.
650 0 _aExport marketing.
700 1 _aGreen, Mark C.
907 _a.b10379022
_b23-02-17
_c22-02-17
003
005 20230123122244.0
040 _cNUST
942 _cBOOKS
_kHF1416
_mKEE
999 _c130507
_d130507